000 00615nam a2200217Ia 4500
005 20241129110245.0
008 241129s9999||||xx |||||||||||||| ||und||
020 _a978-93-90568-25-3
037 _aTB
040 _aARTS
_beng
_cARTS
041 _aeng
_2urd
084 _aO168,3N353:g R2
_qARTS
100 _aSafdar Rasheed Au.
_9727598
245 0 _aShair, Sheriyat aur Fiction
_cSafdar Rasheed Au.
260 _aDelhi, India
_bM. R. Publications
_c2021
300 _a485p.
365 _aINR
_b695
650 _aUrdu Fiction
_93298
942 _cTB
_hO168,3N353:g R2
999 _c1227924
_d1227924